[Event "Druga liga Srbije-Vojvodina 2014"]
[Site "Kac, hotel "]
[Date "2014.11.09"]
[Round "3.5"]
[White "Kolognat, Petar"]
[Black "Bodiroga, Predrag"]
[Result "1/2-1/2"]
[WhiteElo "2294"]
[BlackElo "2358"]
[PlyCount "107"]
[EventDate "2014.11.08"]

1. d4 Nf6 2. Nc3 d6 3. e4 e5 4. dxe5 dxe5 5. Qxd8+ Kxd8 6. Bc4 Ke8 7. Nd5 Nxd5
8. Bxd5 Bc5 9. Nf3 f6 10. Nd2 Ke7 11. Nb3 Bb4+ 12. Bd2 Bxd2+ 13. Nxd2 Na6 14.
O-O-O Nb4 15. Nf1 Nxd5 16. Rxd5 Be6 17. Rd2 Rad8 18. Rxd8 Rxd8 19. a3 Rd4 20.
f3 g6 21. Ne3 f5 22. exf5 gxf5 23. Rd1 Rh4 24. h3 c6 25. Re1 Kf6 26. b3 Rd4 27.
Rd1 Kg5 28. Re1 h5 29. Nf1 Kf4 30. h4 e4 31. Re3 Ke5 32. g3 f4 33. gxf4+ Kxf4
34. c3 Rd6 35. Rxe4+ Kxf3 36. Nd2+ Rxd2 37. Rxe6 Rh2 38. Rh6 Rxh4 39. Kc2 Ke3
40. b4 Rh2+ 41. Kb3 h4 42. Rh7 b5 43. Rxa7 h3 44. Re7+ Kd2 45. Rh7 Rh1 46. Kb2
Kd3 47. Rd7+ Ke3 48. Rh7 Kf3 49. a4 bxa4 50. c4 Kg3 51. Rg7+ Kf4 52. Rh7 Kg3
53. Rg7+ Kf4 54. Rh7 1/2-1/2

[Event "Druga liga Srbije-Vojvodina 2014"]
[Site "Kac, hotel "]
[Date "2014.11.09"]
[Round "3.5"]
[White "Brajic, Djordje"]
[Black "Mastrapovic, Vladimir"]
[Result "1/2-1/2"]
[WhiteElo "2267"]
[BlackElo "2274"]
[PlyCount "84"]
[EventDate "2014.11.08"]

1. e4 c5 2. Nc3 Nc6 3. g3 g6 4. Bg2 Bg7 5. Nge2 d6 6. O-O b6 7. d3 Bb7 8. Nd5
Qd7 9. c3 e6 10. Ne3 Nge7 11. Nf4 O-O 12. h4 b5 13. h5 b4 14. Bd2 Rfd8 15. Bh3
Qe8 16. Ng4 d5 17. Qe2 dxe4 18. dxe4 a5 19. Rfd1 Ba6 20. Qe3 e5 21. Nd5 Nxd5
22. exd5 Ne7 23. Bg2 Nxd5 24. Qxc5 Be2 25. Bxd5 Bxg4 26. f3 Bf8 27. Qc6 Bd7 28.
Qf6 Be7 29. Qb6 Rab8 30. Qf2 Ba4 31. Bb3 Bxb3 32. axb3 Qc6 33. c4 Rd3 34. Rxa5
Rbd8 35. Rxe5 Rxf3 36. Qg2 Bf6 37. Rd5 Bd4+ 38. Kh1 Rxd5 39. cxd5 Qxd5 40. Bg5
h6 41. Rxd4 Qxd4 42. Qxf3 hxg5 1/2-1/2

[Event "Druga liga Srbije-Vojvodina 2014"]
[Site "Kac, hotel "]
[Date "2014.11.09"]
[Round "3.5"]
[White "Bogic, Stevan"]
[Black "Perisic, Radivoj"]
[Result "1/2-1/2"]
[WhiteElo "2199"]
[BlackElo "2323"]
[PlyCount "27"]
[EventDate "2014.11.08"]

1. d4 Nf6 2. c4 e6 3. g3 c5 4. Nf3 cxd4 5. Qxd4 Nc6 6. Qd1 Bb4+ 7. Bd2 Qb6 8.
Qc2 d5 9. Bg2 Ng4 10. O-O Bc5 11. e3 d4 12. exd4 Nxd4 13. Nxd4 Bxd4 14. Bc3
1/2-1/2

[Event "Druga liga Srbije-Vojvodina 2014"]
[Site "Kac, hotel "]
[Date "2014.11.09"]
[Round "3.5"]
[White "Strbac, Mladen"]
[Black "Marcak, Dejan"]
[Result "1-0"]
[WhiteElo "2298"]
[BlackElo "2153"]
[PlyCount "59"]
[EventDate "2014.11.08"]

1. e4 c5 2. Nf3 e6 3. d4 cxd4 4. Nxd4 Nf6 5. Nc3 d6 6. Be3 a6 7. a4 b6 8. g4 e5
9. Nf5 g6 10. Bg2 gxf5 11. exf5 Ra7 12. a5 Bb7 13. Bxb7 Rxb7 14. O-O Rg8 15. h3
bxa5 16. g5 h6 17. f4 hxg5 18. fxg5 Bh6 19. h4 Rb4 20. Ra4 Ng4 21. Qf3 Nxe3 22.
Qxe3 Rxh4 23. Rxh4 Rxg5+ 24. Kh1 Rxf5 25. Rxh6 Rxf1+ 26. Kg2 Rf5 27. Rh8+ Kd7
28. Rxd8+ Kxd8 29. Qb6+ Kc8 30. Nd5 1-0

[Event "Druga liga Srbije-Vojvodina 2014"]
[Site "Kac, hotel "]
[Date "2014.11.09"]
[Round "3.6"]
[White "Drasko, Milan"]
[Black "Indjic, Dusan"]
[Result "1-0"]
[WhiteElo "2435"]
[BlackElo "2287"]
[PlyCount "83"]
[EventDate "2014.11.08"]

1. Nf3 Nf6 2. g3 d5 3. Bg2 c6 4. O-O Bg4 5. d3 Nbd7 6. Qe1 e5 7. e4 dxe4 8.
dxe4 Bxf3 9. Bxf3 Bc5 10. a4 a5 11. Nd2 O-O 12. Nc4 Qc7 13. Bd2 b6 14. Qe2 Rfe8
15. Rfd1 Nf8 16. Be1 Ne6 17. c3 Bf8 18. Bg2 g6 19. f3 b5 20. Ne3 b4 21. Nc4
Red8 22. Rxd8 Rxd8 23. Bf1 Nc5 24. Nxa5 Nd3 25. Nc4 Bc5+ 26. Kh1 Nxe1 27. Qxe1
bxc3 28. bxc3 Nd7 29. a5 f6 30. Rd1 Be7 31. Be2 Kg7 32. Kg2 Nc5 33. Rxd8 Qxd8
34. Qb1 Qc8 35. Qb6 Nd7 36. Qa7 Bc5 37. Nb6 Bxb6 38. axb6 Kh6 39. Qc7 Qe8 40.
b7 Qe6 41. b8=Q Nxb8 42. Qxb8 1-0

[Event "Druga liga Srbije-Vojvodina 2014"]
[Site "Kac, hotel "]
[Date "2014.11.09"]
[Round "3.6"]
[White "Stamenkovic, Aleksandar"]
[Black "Vlahovic, Bogdan"]
[Result "1/2-1/2"]
[WhiteElo "2284"]
[BlackElo "2323"]
[PlyCount "37"]
[EventDate "2014.11.08"]

1. d4 Nf6 2. Nf3 e6 3. c4 Bb4+ 4. Bd2 Qe7 5. g3 Nc6 6. Nc3 O-O 7. Bg2 Bxc3 8.
Bxc3 Ne4 9. Rc1 d6 10. O-O Nxc3 11. Rxc3 e5 12. d5 Nd8 13. c5 dxc5 14. Qc2 Bg4
15. Rxc5 c6 16. d6 Qxd6 17. Rd1 Qc7 18. Nxe5 Be6 19. Nf3 1/2-1/2

[Event "Druga liga Srbije-Vojvodina 2014"]
[Site "Kac, hotel "]
[Date "2014.11.09"]
[Round "3.6"]
[White "Lalic, Dragan"]
[Black "Stanojevic, Branko"]
[Result "1-0"]
[WhiteElo "2263"]
[BlackElo "2247"]
[PlyCount "57"]
[EventDate "2014.11.08"]

1. e4 e6 2. d4 d5 3. e5 c5 4. c3 Nc6 5. Nf3 Qb6 6. Bd3 cxd4 7. cxd4 Bd7 8. O-O
Nxd4 9. Nbd2 Nh6 10. Nxd4 Qxd4 11. Nf3 Qa4 12. b3 Qa5 13. a3 Be7 14. b4 Qa4 15.
Bc2 Qa6 16. Nd4 Nf5 17. Nxf5 exf5 18. Qxd5 Rd8 19. Bd3 b5 20. a4 O-O 21. Bxb5
Bxb5 22. Qxb5 Qxb5 23. axb5 Rd5 24. Rxa7 Bxb4 25. b6 Rb8 26. Be3 f4 27. Bxf4
Rxb6 28. Ra8+ Bf8 29. h4 1-0

[Event "Druga liga Srbije-Vojvodina 2014"]
[Site "Kac, hotel "]
[Date "2014.11.09"]
[Round "3.6"]
[White "Kovacevic, Dragan"]
[Black "Mijatovic, Dejan"]
[Result "1-0"]
[WhiteElo "2251"]
[BlackElo "2251"]
[PlyCount "69"]
[EventDate "2014.11.08"]

1. e4 c6 2. d4 d5 3. exd5 cxd5 4. Bd3 Nc6 5. c3 g6 6. h3 Bf5 7. Bxf5 gxf5 8.
Qb3 Qd7 9. Bf4 e6 10. Nf3 Nge7 11. Nbd2 Ng6 12. Bh2 f4 13. O-O-O Bd6 14. Kb1
Na5 15. Qc2 b5 16. g3 f6 17. h4 Kf7 18. h5 Ne7 19. g4 Rag8 20. Rhg1 h6 21. Nh4
Rg7 22. f3 Rc8 23. Qd3 Nc4 24. Ng2 Qc7 25. Nb3 a5 26. Nd2 a4 27. Rc1 Rb8 28.
Rce1 e5 29. dxe5 fxe5 30. Nh4 e4 31. fxe4 Ne5 32. Qf1 Nxg4 33. e5 Bxe5 34. Rxe5
Qxe5 35. Bxf4 1-0

[Event "Druga liga Srbije-Vojvodina 2014"]
[Site "Kac, hotel "]
[Date "2014.11.09"]
[Round "3.6"]
[White "Popov, Stevan"]
[Black "Kovacevic, Djordje"]
[Result "1/2-1/2"]
[WhiteElo "2159"]
[BlackElo "2122"]
[PlyCount "35"]
[EventDate "2014.11.08"]

1. e4 Nf6 2. Nc3 d5 3. exd5 Nxd5 4. Nge2 e5 5. g3 c5 6. Bg2 Be6 7. O-O Nc6 8.
d3 Be7 9. f4 O-O 10. f5 Nxc3 11. Nxc3 Bd7 12. Be3 Nd4 13. Bxd4 cxd4 14. Ne4 f6
15. c3 dxc3 16. bxc3 Bc6 17. Qb3+ Kh8 18. Rad1 1/2-1/2

[Event "Druga liga Srbije-Vojvodina 2014"]
[Site "Kac, hotel "]
[Date "2014.11.09"]
[Round "3.6"]
[White "Skoko, Milan"]
[Black "Adamov, Ivan"]
[Result "1/2-1/2"]
[WhiteElo "2199"]
[BlackElo "1947"]
[PlyCount "90"]
[EventDate "2014.11.08"]

1. e4 c5 2. c3 d5 3. exd5 Qxd5 4. d4 Nf6 5. Nf3 e6 6. Na3 Nc6 7. Nb5 Qd8 8.
dxc5 Bxc5 9. Qxd8+ Kxd8 10. Bg5 Ke7 11. Rd1 a6 12. Nbd4 Nxd4 13. Nxd4 Rd8 14.
Be3 Ba7 15. Be2 Nd5 16. Bc1 e5 17. Nf3 f6 18. O-O Be6 19. c4 Nb4 20. a3 Nc6 21.
Be3 Bxe3 22. fxe3 Na5 23. Rxd8 Rxd8 24. Rc1 Nb3 25. Rc3 Nd2 26. Bd3 Nxf3+ 27.
gxf3 h6 28. Kf2 g5 29. Ke1 f5 30. c5 f4 31. exf4 exf4 32. Be4 Rd7 33. b4 g4 34.
fxg4 Bxg4 35. Bf3 h5 36. Bxg4 hxg4 37. Rc4 g3 38. Rxf4 gxh2 39. Rh4 h1=Q+ 40.
Rxh1 Kd8 41. Rh2 Kc7 42. Rd2 Re7+ 43. Re2 Rd7 44. Re3 Kc6 45. a4 Rd4 1/2-1/2